Statistiques concernant Les pays les plus jeunes

Cliquez ici pour prendre le quiz!

Statistiques générales

  • Ce quiz a été pris 45 fois
  • Le résultat moyen est 23 sur 30

Statistiques - réponses

% de la popPays% Correct
41.5%Congo
95%
46.0%République Démocratique du Congo
95%
49.8%Niger
93%
43.7%Nigeria
93%
42.8%Sénégal
93%
43.4%Guinée
90%
44.4%Mozambique
90%
46.4%Somalie
86%
47.3%Mali
83%
45.4%Burundi
81%
42.4%Cameroun
81%
42.2%Guinée-Bissau
81%
46.8%Tchad
81%
46.6%Angola
79%
41.6%Soudan du Sud
79%
42.2%Zimbabwe
79%
42.2%Bénin
76%
40.4%Madagascar
76%
43.8%Tanzanie
76%
44.5%Zambie
76%
41.7%Côte d'Ivoire
74%
44.1%Gambie
74%
41.0%Togo
74%
44.7%Burkina Faso
71%
40.8%Liberia
71%
43.5%Malawi
71%
46.5%Ouganda
71%
40.7%Sierra Leone
64%
42.2%Sao Tome et Principe
52%
42.5%Afghanistan
26%

Distribution des résultats

Percentile par nombre de réponses

% des personnes avec chaque résultat

Votre développement - résultats

Vous n’avez pas pris ce quiz